States with Buc-ee's - Statistics

General Stats
  • This quiz has been taken 372 times
  • The average score is 5 of 7
Answer Stats
Number of Locations State % Correct
32 Texas
96%
2 Florida
87%
4 Alabama
81%
2 Georgia
81%
1 Tennessee
72%
1 South Carolina
60%
1 Kentucky
50%
No matching quizzes found
Score Distribution
Percent of People with Each Score
Percentile by Number Answered
Your Score History
You have not taken this quiz